00545nam a2200181 a 4500008004100000020001800041050001800059100001700077245007700094250001600171260004300187300003300230350001000263500002000273650003200293650001900325700001900344190826s1993 ||||||||||||||||| || u a9780632034956 aTL 589.4 Pal  aCoyle, Shawn10aAutomatic flight control. (4th edition)cBy E.H.J. Pallett and S. Coyle. a4th edition aCambridge, MAbBlackwell Sciencec1993 ax, 323 pages : illustrations a79.27 aIncludes index. 0aAUTOMATIC PILOT (AIRPLANES) 0aFLIGHT CONTROL aPallett, E.H.J